000 00658nam a2200193 a 4500
008 120416s1971 ||||||||||||||||| || u
020 _a017511448X
050 _aDT 496 Str
100 _aStride, George
245 1 0 _aPeoples and empires of West Africa
246 _aWest Africa in history 1000- 1800
260 _aLondon,
_bThomas Nelson
_c1971.
300 _ax, 373p. : ill.
350 _a0.00
650 _aTEXTBOOKS
650 0 _aAFRICA--HISTORY
700 _aIfeka, Caroline
995 _D0.00
_FCBU-MAIN LIBRARY (Kitwe)
_H1
_I30.00
_M1
_UAVAILABLE
_WSep 6, 2006
_ZMain Library Open Access Collection
999 _c53310
_d53310